01274nam a22002297a 4500003001700000005001700017008004100034020001800075040000700093041001200100082001600112100002800128245003100156260003700187300002700224365006200251520050500313650004400818942001200862999001900874952015100893St Aloysius Coll20260223142841.0260221b |||||||| |||| 00| 0 eng d a9789351035985 cAL aEnglish bCOLHa813.6 aSuzanne Collins9256388 aHunger gamesb: mockingjay aNew YorkbScholastic Pressc2025 a390p.bPBc19.5x12.5cm 2Generala6073b₹333.00c₹d₹417.00e20%f17/02/2026 aThe final book in the international bestselling Hunger Games series is now a feature film! Against all odds, Katniss Everdeen has survived the Hunger Games twice. But now that she's made it out of the bloody arena alive, she's still not safe. The Capitol is angry. The Capitol wants revenge. Who do they think should pay for the unrest? Katniss. And what's worse, President Snow has made it clear that no one else is safe either. Not Katniss's family, not her friends, not the people of District 12.  2LiteratureaAmerican Literature9256448 2ddccBK c240945d240945 00102ddc40708MAENGaSACPGbSACPGd2026-02-20eBiblios Book Pointg333.00l0o813.6 COLHpPG025196r2026-02-21 15:54:26v417.00w0000-00-00yBK